[Event "Titled Tuesday intern op 14th Mar Late"]
[Site "Chess.com INT"]
[Date "2023.03.14"]
[Round "4"]
[White "Livaic, Leon"]
[Black "Maneluk, Daniil"]
[Result "0-1"]
[WhiteElo "2569"]
[BlackElo "2324"]
[PlyCount "102"]
[EventDate "2023.03.14"]
[EventType "swiss (blitz)"]
[EventRounds "11"]
[EventCountry "USA"]
[SourceTitle "EXT 2024"]
[Source "ChessBase"]
[SourceDate "2023.10.10"]
[SourceVersion "1"]
[SourceVersionDate "2023.10.10"]
[SourceQuality "1"]

1. d4 Nf6 2. c4 c5 3. d5 b5 4. cxb5 a6 5. bxa6 g6 6. Nc3 Bg7 7. e4 0-0 8. a7 Rxa7 9. Nf3 e6 10. Be2 exd5 11. exd5 d6 12. 0-0 Na6 13. Nb5 Rd7 14. Bc4 Nc7 15. Nxc7 Qxc7 16. Re1 Bb7 17. Bg5 h6 18. Bxf6 Bxf6 19. Qd2 Kg7 20. Rad1 Ra8 21. a4 Ba6 22. Bxa6 Rxa6 23. b3 Qb8 24. Qd3 Rb6 25. Nd2 Rb4 26. Re4 Rdb7 27. Rxb4 Rxb4 28. g3 Rd4 29. Qf3 Rb4 30. h4 Qb7 31. Nc4 Qb8 32. Rd3 Rb7 33. Kg2 Bd4 34. a5 Re7 35. Rd2 Qb4 36. a6 Ra7 37. Ra2 Qb8 38. Qf4 Qxb3 39. Nxd6 Qxa2 40. Ne8+ Kf8 41. Nc7 Rxc7 42. Qxc7 Qxa6 43. d6 Qa8+ 44. Kh3 Kg7 45. d7 Bf6 46. Qxc5 Qh1+ 47. Kg4 h5+ 48. Kf4 Qd1 49. Qc6 Qd3 50. Qb7 Be7 51. Qb2+ f6 0-1

[Event "Titled Tuesday intern op 14th Mar Late"]
[Site "Chess.com INT"]
[Date "2023.03.14"]
[Round "11"]
[White "Maneluk, Daniil"]
[Black "Fernandez, Maria Florencia"]
[Result "1-0"]
[WhiteElo "2324"]
[BlackElo "2128"]
[PlyCount "59"]
[EventDate "2023.03.14"]
[EventType "swiss (blitz)"]
[EventRounds "11"]
[EventCountry "USA"]
[SourceTitle "EXT 2024"]
[Source "ChessBase"]
[SourceDate "2023.10.10"]
[SourceVersion "1"]
[SourceVersionDate "2023.10.10"]
[SourceQuality "1"]

1. e4 c5 2. Nf3 d6 3. d4 cxd4 4. Nxd4 Nf6 5. Nc3 g6 6. f3 Bg7 7. Be3 0-0 8. Qd2 Nc6 9. 0-0-0 d5 10. exd5 Nxd5 11. Nxc6 bxc6 12. Bd4 e5 13. Bc5 Be6 14. Ne4 Re8 15. h4 h6 16. g4 Qc7 17. g5 h5 18. Bc4 Rad8 19. Qf2 Nb6 20. Bxe6 Rxe6 21. Rxd8+ Qxd8 22. Rd1 Qc7 23. Qd2 Re8 24. Nf6+ Bxf6 25. gxf6 Nd5 26. Qg5 Re6 27. Rxd5 cxd5 28. Qh6 Rxf6 29. Bf8 g5 30. Qg7# 1-0